[Event "Budapest Spring op"]
[Site "Budapest"]
[Date "2018.04.21"]
[Round "4"]
[White "Zhigalko, Sergei"]
[Black "Kobo, Ori"]
[Result "1/2-1/2"]
[WhiteElo "2608"]
[BlackElo "2484"]
[PlyCount "35"]
[EventDate "2018.04.18"]
[EventType "swiss"]
[EventRounds "9"]
[EventCountry "HUN"]
[SourceTitle "CBM 184 Extra"]
[Source "ChessBase"]
[SourceDate "2018.06.28"]
[SourceVersion "1"]
[SourceVersionDate "2018.06.28"]
[SourceQuality "1"]

1. e4 g6 2. d4 Bg7 3. Nc3 d6 4. Nf3 Nf6 5. Be2 O-O 6. O-O c6 7. a4 Nbd7 8. a5 e5 9. dxe5 Nxe5 10. Nxe5 dxe5 11. Qxd8 Rxd8 12. Be3 Be6 13. f3 Nd7 14. Na4 Bf8 15. Rfd1 Bb4 16. Bg5 Rdb8 17. Kf1 Kf8 18. Nc3 1/2-1/2

[Event "Budapest Spring op"]
[Site "Budapest"]
[Date "2018.04.22"]
[Round "5"]
[White "Henderson de la Fuente, Lance"]
[Black "Zhigalko, Sergei"]
[Result "0-1"]
[WhiteElo "2459"]
[BlackElo "2608"]
[PlyCount "132"]
[EventDate "2018.04.18"]
[EventType "swiss"]
[EventRounds "9"]
[EventCountry "HUN"]
[SourceTitle "CBM 184 Extra"]
[Source "ChessBase"]
[SourceDate "2018.06.28"]
[SourceVersion "1"]
[SourceVersionDate "2018.06.28"]
[SourceQuality "1"]

1. e4 c5 2. Nf3 Nc6 3. Bb5 e6 4. b3 Nd4 5. Nxd4 cxd4 6. O-O Ne7 7. c3 a6 8. Bd3 Nc6 9. Bb2 Bc5 10. Na3 O-O 11. Nc2 Ne5 12. Qe2 dxc3 13. dxc3 b5 14. c4 Nxd3 15. Qxd3 bxc4 16. Qxc4 Qg5 17. b4 Be7 18. Rad1 Rb8 19. f4 Qb5 20. Qxb5 Rxb5 21. a3 d6 22. Nd4 Rb6 23. Nb3 Bd7 24. Na5 Bb5 25. Rfe1 Re8 26. Rd2 h6 27. Rc1 e5 28. g3 exf4 29. gxf4 Bf8 30. Re1 f5 31. Bd4 Rbb8 32. e5 dxe5 33. Bxe5 Rbc8 34. Nb7 Rc4 35. Kf2 g5 36. Nd6 Bxd6 37. Rxd6 Kh7 38. a4 Rc2+ 39. Kg3 Bc6 40. Rxc6 Rxc6 41. b5 axb5 42. axb5 Rc2 43. Rd1 Ra8 44. Rd3 Rca2 45. fxg5 hxg5 46. b6 R8a3 47. Rxa3 Rxa3+ 48. Kf2 Rb3 49. Bd4 Kg6 50. Ke2 Kf7 51. Kd2 Ke6 52. Kc2 Rb5 53. Kc3 Kd5 54. Be3 f4 55. Bf2 g4 56. Kd3 Rb3+ 57. Kc2 Kc4 58. Bd4 Rb5 59. Bf2 Rd5 60. Bg1 Rd7 61. Bf2 Kb5 62. Bg1 Kc6 63. Bf2 Rh7 64. Bg1 g3 65. hxg3 fxg3 66. Kd3 Rh1 0-1

[Event "Budapest Spring op"]
[Site "Budapest"]
[Date "2018.04.23"]
[Round "6"]
[White "Zhigalko, Sergei"]
[Black "Nguyen, Thai Dai Van"]
[Result "1/2-1/2"]
[WhiteElo "2608"]
[BlackElo "2539"]
[PlyCount "155"]
[EventDate "2018.04.18"]
[EventType "swiss"]
[EventRounds "9"]
[EventCountry "HUN"]
[SourceTitle "CBM 184 Extra"]
[Source "ChessBase"]
[SourceDate "2018.06.28"]
[SourceVersion "1"]
[SourceVersionDate "2018.06.28"]
[SourceQuality "1"]

1. d4 d5 2. Nf3 Nf6 3. c4 e6 4. Nc3 c5 5. e3 cxd4 6. exd4 Bb4 7. Bd3 O-O 8. O-O dxc4 9. Bxc4 b6 10. Ne5 Bb7 11. Bg5 Nc6 12. Bxf6 gxf6 13. Nxc6 Bxc6 14. Qd3 Bxc3 15. bxc3 Kh8 16. Rad1 Rg8 17. g3 Qd6 18. Bb3 Rad8 19. c4 Rg4 20. d5 exd5 21. cxd5 Ba4 22. Qf3 Bxb3 23. Qxg4 Bxd1 24. Rxd1 Qe5 25. Qc4 Kg7 26. a4 f5 27. Rd4 Rd6 28. Kf1 a6 29. Qd3 b5 30. axb5 axb5 31. Qd2 f4 32. gxf4 Qf5 33. Qc3 Kg8 34. Qb3 Qf6 35. Qb4 Ra6 36. Rd3 Qa1+ 37. Kg2 Rg6+ 38. Rg3 Qa4 39. Qe7 Qa8 40. Qe5 b4 41. f5 Rxg3+ 42. hxg3 f6 43. Qe6+ Kg7 44. Qd7+ Kh6 45. Qc6 Qd8 46. Kh3 Kg7 47. Qb7+ Kg8 48. Kh2 Qd6 49. Qc6 Qd8 50. d6 Kf8 51. d7 b3 52. Qc5+ Kf7 53. Qc4+ Kf8 54. Qb4+ Kg7 55. Qg4+ Kf8 56. Qb4+ Kg7 57. Qg4+ Kf8 58. Qd4 Kg7 59. Kh3 b2 60. Qxb2 Qxd7 61. Qc2 Qb7 62. Qe2 Qh1+ 63. Kg4 Qb7 64. Kf4 Qd7 65. Qe4 Qc7+ 66. Kg4 Qa7 67. f3 Qc7 68. Qd4 Qb7 69. Qe4 Qc7 70. Kh4 Qa7 71. Qg4+ Kf8 72. Kh5 Qe3 73. f4 Qe4 74. Kh4 Qh1+ 75. Qh3 Qf3 76. Qg4 Qh1+ 77. Qh3 Qf3 78. Qg4 1/2-1/2

[Event "Budapest Spring op"]
[Site "Budapest"]
[Date "2018.04.24"]
[Round "7"]
[White "Repka, Christopher"]
[Black "Zhigalko, Sergei"]
[Result "1/2-1/2"]
[WhiteElo "2521"]
[BlackElo "2608"]
[PlyCount "60"]
[EventDate "2018.04.18"]
[EventType "swiss"]
[EventRounds "9"]
[EventCountry "HUN"]
[SourceTitle "CBM 184 Extra"]
[Source "ChessBase"]
[SourceDate "2018.06.28"]
[SourceVersion "1"]
[SourceVersionDate "2018.06.28"]
[SourceQuality "1"]

1. Nf3 d5 2. g3 c6 3. Bg2 Bg4 4. O-O e6 5. h3 Bh5 6. d3 Bd6 7. c4 Ne7 8. Qb3 Qb6 9. Be3 Qxb3 10. axb3 a6 11. Bd4 O-O 12. Bc3 Nd7 13. d4 Bxf3 14. Bxf3 f5 15. Nd2 Nf6 16. Bg2 Ne4 17. e3 Rf7 18. Rfe1 g5 19. Re2 Raf8 20. Nf1 h5 21. Nd2 Ng6 22. Nxe4 fxe4 23. b4 g4 24. Be1 gxh3 25. Bxh3 Rf6 26. b5 axb5 27. cxb5 cxb5 28. Ra5 Nh8 29. Rxb5 Nf7 30. Rxb7 Ng5 1/2-1/2

[Event "Budapest Spring op"]
[Site "Budapest"]
[Date "2018.04.25"]
[Round "8"]
[White "Zhigalko, Sergei"]
[Black "Korpa, Bence"]
[Result "1/2-1/2"]
[WhiteElo "2608"]
[BlackElo "2499"]
[PlyCount "76"]
[EventDate "2018.04.18"]
[EventType "swiss"]
[EventRounds "9"]
[EventCountry "HUN"]
[SourceTitle "CBM 184 Extra"]
[Source "ChessBase"]
[SourceDate "2018.06.28"]
[SourceVersion "1"]
[SourceVersionDate "2018.06.28"]
[SourceQuality "1"]

1. e4 c5 2. Nf3 e6 3. d4 cxd4 4. Nxd4 Nc6 5. Nc3 Qc7 6. Be3 Nf6 7. f4 Bb4 8. Ndb5 Qa5 9. e5 Ne4 10. Qd3 Nxc3 11. bxc3 Be7 12. Be2 O-O 13. O-O b6 14. a4 f6 15. exf6 Bxf6 16. Bf3 a6 17. Nd4 Bb7 18. Ne2 Rf7 19. Rfb1 Bd8 20. Nc1 Bc7 21. Nb3 Qf5 22. Qxf5 Rxf5 23. a5 bxa5 24. Nc5 Bc8 25. Nxe6 dxe6 26. Bxc6 Rb8 27. Rxb8 Bxb8 28. g3 Bc7 29. c4 g6 30. c5 e5 31. Be4 Rh5 32. Bf3 Rf5 33. Be4 Rh5 34. Bd5+ Kf8 35. c4 exf4 36. Bxf4 Bxf4 37. gxf4 Ke7 38. Kg2 Rh4 1/2-1/2

[Event "Budapest Spring op"]
[Site "Budapest"]
[Date "2018.04.26"]
[Round "9"]
[White "Livaic, Leon"]
[Black "Zhigalko, Sergei"]
[Result "1/2-1/2"]
[WhiteElo "2468"]
[BlackElo "2608"]
[PlyCount "69"]
[EventDate "2018.04.18"]
[EventType "swiss"]
[EventRounds "9"]
[EventCountry "HUN"]
[SourceTitle "CBM 184 Extra"]
[Source "ChessBase"]
[SourceDate "2018.06.28"]
[SourceVersion "1"]
[SourceVersionDate "2018.06.28"]
[SourceQuality "1"]

1. d4 d5 2. c4 e6 3. Nf3 c6 4. Qc2 dxc4 5. Qxc4 Nf6 6. g3 b5 7. Qc2 Bb7 8. Bg2 Nbd7 9. O-O c5 10. dxc5 Bxc5 11. Bg5 Rc8 12. Qb3 a6 13. Nc3 O-O 14. Rac1 Qb6 15. Bxf6 Nxf6 16. Ne5 Bd4 17. Bxb7 Qxb7 18. Nf3 Ba7 19. a4 Ng4 20. axb5 axb5 21. Rcd1 Rc5 22. Rd4 h5 23. Rb4 Rb8 24. h3 Nf6 25. Rd1 Rf5 26. Nd4 Bxd4 27. Rbxd4 Qb6 28. e3 Qc6 29. Qb4 Qf3 30. Rf4 Rxf4 31. Qxf4 Qb7 32. Qb4 Qf3 33. Qf4 Qb7 34. Qb4 Qf3 35. Qf4 1/2-1/2

[Event "Llucmajor op 7th"]
[Site "Llucmajor"]
[Date "2018.05.13"]
[Round "1"]
[White "Sayrol Clols, Jaume"]
[Black "Zhigalko, Sergei"]
[Result "0-1"]
[WhiteElo "2102"]
[BlackElo "2606"]
[PlyCount "62"]
[EventDate "2018.05.13"]
[EventType "swiss"]
[EventRounds "9"]
[EventCountry "ESP"]
[SourceTitle "CBM 184 Extra"]
[Source "ChessBase"]
[SourceDate "2018.06.28"]
[SourceVersion "1"]
[SourceVersionDate "2018.06.28"]
[SourceQuality "1"]

1. e4 c5 2. c3 Nf6 3. e5 Nd5 4. d4 cxd4 5. Bc4 Nb6 6. Bb3 d5 7. Nf3 Bg4 8. Qxd4 Bxf3 9. gxf3 Nc6 10. Qe3 e6 11. f4 Qc7 12. Nd2 a6 13. Nf3 g6 14. h4 h5 15. Qd3 Nd7 16. Bc2 Rc8 17. a3 Bc5 18. Ng5 Ne7 19. Bd2 Qb6 20. O-O-O Bxf2 21. Qf3 Nf5 22. Bxf5 gxf5 23. Rh2 Bc5 24. Rg2 Qb3 25. Qg3 Rg8 26. Qf3 Nb6 27. Qxh5 Rxg5 28. Qxg5 Nc4 29. Qg8+ Ke7 30. Qg5+ Kd7 31. Be1 Be3+ 0-1

[Event "Llucmajor op 7th"]
[Site "Llucmajor"]
[Date "2018.05.13"]
[Round "2"]
[White "Zhigalko, Sergei"]
[Black "Melia, Salome"]
[Result "1-0"]
[WhiteElo "2606"]
[BlackElo "2395"]
[PlyCount "61"]
[EventDate "2018.05.13"]
[EventType "swiss"]
[EventRounds "9"]
[EventCountry "ESP"]
[SourceTitle "CBM 184 Extra"]
[Source "ChessBase"]
[SourceDate "2018.06.28"]
[SourceVersion "1"]
[SourceVersionDate "2018.06.28"]
[SourceQuality "1"]

1. e4 c5 2. Nf3 Nc6 3. Bb5 Nf6 4. Nc3 Qc7 5. d3 e6 6. O-O Be7 7. Re1 d6 8. e5 dxe5 9. Bxc6+ Qxc6 10. Nxe5 Qc7 11. Qf3 O-O 12. Bg5 a6 13. a4 a5 14. Rad1 Ra6 15. Nb5 Qd8 16. d4 Nd5 17. Bxe7 Qxe7 18. c4 Nc7 19. d5 Nxb5 20. cxb5 Rd6 21. Nc4 Rdd8 22. d6 Qh4 23. Nb6 Qb4 24. Qc3 Bd7 25. Re5 Qg4 26. f3 Qh4 27. Qxc5 Rfe8 28. b3 Qf6 29. Qe3 h6 30. Qe4 g6 31. Re1 1-0

[Event "Llucmajor op 7th"]
[Site "Llucmajor"]
[Date "2018.05.14"]
[Round "3"]
[White "Zumsande, Martin"]
[Black "Zhigalko, Sergei"]
[Result "1/2-1/2"]
[WhiteElo "2450"]
[BlackElo "2606"]
[PlyCount "68"]
[EventDate "2018.05.13"]
[EventType "swiss"]
[EventRounds "9"]
[EventCountry "ESP"]
[SourceTitle "CBM 184 Extra"]
[Source "ChessBase"]
[SourceDate "2018.06.28"]
[SourceVersion "1"]
[SourceVersionDate "2018.06.28"]
[SourceQuality "1"]

1. e4 c5 2. c3 Nf6 3. e5 Nd5 4. d4 cxd4 5. cxd4 d6 6. Bc4 e6 7. Nf3 Be7 8. O-O O-O 9. Re1 Nc6 10. exd6 Qxd6 11. Nc3 Rd8 12. Bb3 Nf6 13. Nb5 Qd7 14. Bf4 a6 15. Nc7 Ra7 16. d5 exd5 17. Rc1 Bd6 18. Bxd6 Qxd6 19. Nxd5 h6 20. Re2 Nxd5 21. Qxd5 Qxd5 22. Bxd5 Bg4 23. Rd2 Bxf3 24. gxf3 Kf8 25. Rcd1 Nb4 26. Bb3 Rxd2 27. Rxd2 b5 28. Kg2 Ke7 29. Kg3 Rc7 30. a3 Nc6 31. Rc2 Kd6 32. Rd2+ Ke7 33. Rc2 Kd6 34. Rd2+ Ke7 1/2-1/2

[Event "Llucmajor op 7th"]
[Site "Llucmajor"]
[Date "2018.05.15"]
[Round "4"]
[White "Zhigalko, Sergei"]
[Black "Alonso Bouza, Julio Javier"]
[Result "1/2-1/2"]
[WhiteElo "2606"]
[BlackElo "2408"]
[PlyCount "26"]
[EventDate "2018.05.13"]
[EventType "swiss"]
[EventRounds "9"]
[EventCountry "ESP"]
[SourceTitle "CBM 184 Extra"]
[Source "ChessBase"]
[SourceDate "2018.06.28"]
[SourceVersion "1"]
[SourceVersionDate "2018.06.28"]
[SourceQuality "1"]

1. e4 d6 2. d4 Nf6 3. Nc3 g6 4. Nf3 Bg7 5. Be2 O-O 6. O-O c6 7. a4 Qc7 8. a5 Nbd7 9. Be3 Rb8 10. d5 a6 11. Nd2 cxd5 12. exd5 b5 13. axb6 Nxb6 1/2-1/2

[Event "Llucmajor op 7th"]
[Site "Llucmajor"]
[Date "2018.05.16"]
[Round "5"]
[White "Prithu, Gupta"]
[Black "Zhigalko, Sergei"]
[Result "1/2-1/2"]
[WhiteElo "2424"]
[BlackElo "2606"]
[PlyCount "114"]
[EventDate "2018.05.13"]
[EventType "swiss"]
[EventRounds "9"]
[EventCountry "ESP"]
[SourceTitle "CBM 184 Extra"]
[Source "ChessBase"]
[SourceDate "2018.06.28"]
[SourceVersion "1"]
[SourceVersionDate "2018.06.28"]
[SourceQuality "1"]

1. e4 c5 2. Nf3 d6 3. d4 cxd4 4. Nxd4 Nf6 5. Nc3 a6 6. h3 e6 7. g4 Nfd7 8. Be3 b5 9. Bg2 Bb7 10. O-O Be7 11. a4 b4 12. Na2 Nc5 13. c3 Bxe4 14. cxb4 Bxg2 15. Kxg2 Ne4 16. Qc2 d5 17. Nc6 Qc7 18. b5 O-O 19. Nc3 Nd6 20. Nxe7+ Qxe7 21. Bc5 Rc8 22. Ba3 Qc7 23. Qd3 Nc4 24. Rfc1 Qb7 25. Qd4 Nd7 26. Bb4 a5 27. Ba3 Nxa3 28. bxa3 Rc4 29. Qe3 h6 30. Ne2 Re4 31. Qg3 e5 32. Qf3 Rxa4 33. Nc3 Rd4 34. Rd1 e4 35. Qf5 g6 36. Qf4 Rxd1 37. Rxd1 Nb6 38. Qd6 e3 39. Qc6 Qxc6 40. bxc6 Rc8 41. fxe3 Rxc6 42. Nxd5 Rc2+ 43. Kf3 Nc4 44. a4 Ra2 45. Rd4 Rxa4 46. Ne7+ Kg7 47. Nc6 f6 48. Kg3 Nb6 49. Rxa4 Nxa4 50. Nxa5 Kf7 51. Nc4 Ke6 52. e4 Nc5 53. Kf3 Nd3 54. Ke3 Ne5 55. Nxe5 Kxe5 56. h4 h5 57. gxh5 gxh5 1/2-1/2

[Event "Llucmajor op 7th"]
[Site "Llucmajor"]
[Date "2018.05.18"]
[Round "7"]
[White "Aroshidze, Levan"]
[Black "Zhigalko, Sergei"]
[Result "0-1"]
[WhiteElo "2497"]
[BlackElo "2606"]
[PlyCount "76"]
[EventDate "2018.05.13"]
[EventType "swiss"]
[EventRounds "9"]
[EventCountry "ESP"]
[SourceTitle "CBM 184 Extra"]
[Source "ChessBase"]
[SourceDate "2018.06.28"]
[SourceVersion "1"]
[SourceVersionDate "2018.06.28"]
[SourceQuality "1"]

1. e4 e5 2. Nf3 Nc6 3. Bb5 a6 4. Ba4 Nf6 5. O-O Be7 6. Re1 b5 7. Bb3 d6 8. c3 O-O 9. h3 Na5 10. Bc2 c5 11. d4 Nd7 12. d5 Nb6 13. Nbd2 g6 14. Nf1 f5 15. Bh6 Rf7 16. a4 bxa4 17. N1d2 Bd7 18. Bd3 c4 19. Bf1 f4 20. Rb1 Rc8 21. g3 g5 22. Nh2 Rf6 23. Bxg5 fxg3 24. fxg3 Rxf1+ 25. Rxf1 Bxg5 26. Kg2 Nb3 27. Ndf3 Qe7 28. Qe2 Qg7 29. Nxg5 Qxg5 30. Rf2 Nc5 31. Ng4 Nd3 32. Rf6 Bxg4 33. Qxg4 Qxg4 34. hxg4 Rd8 35. g5 Nc5 36. Kf3 Rf8 37. g4 Nbd7 38. Rf5 Rb8 0-1

[Event "Llucmajor op 7th"]
[Site "Llucmajor"]
[Date "2018.05.20"]
[Round "9"]
[White "Zhigalko, Sergei"]
[Black "Levin, Felix"]
[Result "1-0"]
[WhiteElo "2606"]
[BlackElo "2470"]
[PlyCount "100"]
[EventDate "2018.05.13"]
[EventType "swiss"]
[EventRounds "9"]
[EventCountry "ESP"]
[SourceTitle "CBM 184 Extra"]
[Source "ChessBase"]
[SourceDate "2018.06.28"]
[SourceVersion "1"]
[SourceVersionDate "2018.06.28"]
[SourceQuality "1"]

1. e4 e5 2. Nf3 Nc6 3. Bb5 Nf6 4. d3 Bc5 5. Bxc6 dxc6 6. Nbd2 Be6 7. O-O Nd7 8. Nb3 Bb6 9. Ng5 Bxb3 10. axb3 f6 11. Nf3 O-O 12. Be3 Re8 13. Nh4 Nf8 14. g3 Bxe3 15. fxe3 c5 16. Qe2 a5 17. Rf2 Qd7 18. Raf1 a4 19. bxa4 Rxa4 20. b3 Ra6 21. Nf3 Qe6 22. Rg2 Rea8 23. g4 Ra1 24. h4 Rxf1+ 25. Qxf1 Nd7 26. Kh2 Kh8 27. Qe1 g6 28. Qg3 h6 29. Rf2 Kg7 30. h5 g5 31. Nd2 Ra2 32. Nf1 Nb6 33. Qf3 Nc8 34. Ng3 Nd6 35. Kh3 c6 36. Qd1 Ra8 37. Rd2 Kh7 38. d4 cxd4 39. exd4 Nf7 40. d5 Qe8 41. dxc6 Qxc6 42. Rd7 Kg8 43. Qd5 Qxd5 44. exd5 Rc8 45. c4 b5 46. Nf5 Rc5 47. d6 bxc4 48. Rc7 Rb5 49. bxc4 Rb3+ 50. Kg2 e4 1-0

[Event "FRA-chT Top 12"]
[Site "Brest"]
[Date "2018.05.26"]
[Round "1"]
[White "Zhigalko, Sergei"]
[Black "Villegas, Pierre"]
[Result "1-0"]
[WhiteElo "2606"]
[BlackElo "2345"]
[Annotator "ChessBase II"]
[PlyCount "79"]
[EventDate "2018.05.26"]
[EventType "team-tourn"]
[EventRounds "11"]
[EventCountry "FRA"]
[SourceTitle "EXT 2019"]
[Source "ChessBase"]
[SourceDate "2018.10.10"]
[SourceVersion "1"]
[SourceVersionDate "2018.10.10"]
[SourceQuality "1"]
[WhiteTeam "Bois Colombes"]
[BlackTeam "Cemc Monaco"]
[WhiteTeamCountry "FRA"]
[BlackTeamCountry "MNC"]
[TimeControl "40/5400+30:1800+30"]

1. e4 {[%emt 0:00:00]} c6 {[%emt 0:00:09]} 2. d4 {[%emt 0:00:00]} d5 {[%emt 0:00:04]} 3. e5 {[%emt 0:00:00]} Bf5 {[%emt 0:00:19]} 4. Nf3 {[%emt 0:00:00]} e6 {[%emt 0:00:07]} 5. Be2 {[%emt 0:00:01]} c5 {[%emt 0:00:20]} 6. Be3 {[%emt 0:00:10]} cxd4 {[%emt 0:00:23]} 7. Nxd4 {[%emt 0:00:05]} Ne7 {[%emt 0:00:06]} 8. Nd2 {[%emt 0:00:12]} Nbc6 {[%emt 0:00:33]} 9. N2f3 {[%emt 0:00:08]} Be4 {[%emt 0:00:34]} 10. O-O {[%emt 0:00:53]} Bxf3 {[%emt 0:01:19]} 11. Nxf3 {[%emt 0:00:54]} Qc7 {[%emt 0:01:15]} 12. Rc1 {[%emt 0:13:40]} Nf5 $146 {[%emt 0:10:03] Une nouveauté trouvée devant l'échiquier} (12... Rd8 13. c4 {1-0 Caruana,F (2736)-Iturrizaga Bonelli,E (2649) Moscow Aeroflot op-A 11th 2012 (3)} (13. c3)) 13. Bf4 {[%emt 0:08:54]} Be7 {[%emt 0:01:50]} 14. Bd3 {[%emt 0:01:26]} g6 {[%emt 0:16:35]} 15. c3 {[%emt 0:06:08]} h6 {[%emt 0:05:31]} 16. h3 {[%emt 0:12:43]} Nh4 {[%emt 0:06:05]} 17. Nxh4 {[%emt 0:28:02]} Bxh4 {[%emt 0:00:08]} 18. c4 {[%emt 0:00:03]} d4 {[%emt 0:13:31]} 19. Re1 {[%emt 0:02:40]} Bg5 {[%emt 0:05:23]} 20. Bxg5 {[%emt 0:02:24]} hxg5 {[%emt 0:00:05]} 21. Be4 {[%emt 0:00:02]} Rh4 {[%emt 0:07:25]} 22. Bxc6+ {[%emt 0:06:04]} Qxc6 {[%emt 0:05:43]} 23. f3 {[%emt 0:00:57]} O-O-O {[%emt 0:03:32]} 24. Qd3 {[%emt 0:00:06]} Kb8 {[%emt 0:00:59]} 25. b4 {[%emt 0:00:57]} Rf4 {[%emt 0:02:57]} 26. Rc2 {[%emt 0:00:34]} Rd7 {[%emt 0:06:12]} 27. a3 {[%emt 0:02:07]} Rh4 {[%emt 0:00:48]} 28. Ra1 {[%emt 0:03:41]} Qa4 {[%emt 0:03:59]} 29. Re2 {[%emt 0:01:34]} Rd8 {[%emt 0:04:15]} 30. Kh2 {[%emt 0:00:17]} Rdh8 {[%emt 0:00:42]} 31. Raa2 {[%emt 0:05:31]} Rd8 {[%emt 0:01:36]} 32. Kg1 {[%emt 0:01:26]} Rc8 {[%emt 0:00:50]} 33. Rac2 {[%emt 0:01:37]} a5 {[%emt 0:01:53]} 34. Rb2 {[%emt 0:00:12]} Rc7 {[%emt 0:00:48]} 35. c5 {[%emt 0:00:38]} axb4 {[%emt 0:00:32]} 36. axb4 {[%emt 0:00:32]} Qa6 {[%emt 0:00:44]} 37. Qb3 {[%emt 0:03:03]} d3 {[%emt 0:00:35]} 38. Red2 {[%emt 0:00:01]} Qa1+ $2 {[%emt 0:00:53]} (38... Rd7 $11 {[%cal Gh4d4]}) 39. Rd1 {[%emt 0:00:28]} Qa6 {[%emt 0:00:27]} 40. Rxd3 {[%emt 0:00:39]} 1-0

[Event "FRA-chT Top 12"]
[Site "Brest"]
[Date "2018.05.27"]
[Round "2"]
[White "Fressinet, Laurent"]
[Black "Zhigalko, Sergei"]
[Result "1/2-1/2"]
[WhiteElo "2651"]
[BlackElo "2606"]
[Annotator "ChessBase II"]
[PlyCount "35"]
[EventDate "2018.05.26"]
[EventType "team-tourn"]
[EventRounds "11"]
[EventCountry "FRA"]
[SourceTitle "EXT 2019"]
[Source "ChessBase"]
[SourceDate "2018.10.10"]
[SourceVersion "1"]
[SourceVersionDate "2018.10.10"]
[SourceQuality "1"]
[WhiteTeam "Clichy Echecs 92"]
[BlackTeam "Bois Colombes"]
[WhiteTeamCountry "FRA"]
[BlackTeamCountry "FRA"]
[TimeControl "40/5400+30:1800+30"]

1. Nf3 {[%emt 0:02:36]} Nf6 {[%emt 0:00:31]} 2. c4 {[%emt 0:00:06]} e6 {[%emt 0:00:09]} 3. g3 {[%emt 0:00:07]} d5 {[%emt 0:00:29]} 4. d4 {[%emt 0:03:14]} Bb4+ {[%emt 0:00:19]} 5. Bd2 {[%emt 0:00:20]} Be7 {[%emt 0:00:14]} 6. Bg2 {[%emt 0:00:06]} O-O {[%emt 0:00:38]} 7. O-O {[%emt 0:00:13]} c6 {[%emt 0:01:56]} 8. Qc2 {[%emt 0:00:48]} b6 {[%emt 0:00:48]} 9. Rd1 {[%emt 0:00:34]} Bb7 {[%emt 0:05:47]} 10. b3 {[%emt 0:01:11]} Nbd7 {[%emt 0:28:19]} 11. Nc3 {[%emt 0:00:44]} Qc8 {[%emt 0:02:56]} (11... Rc8 12. Bf4 c5 13. Nb5 cxd4 14. Nd6 Bxd6 15. Bxd6 Re8 16. Nxd4 Nc5 17. Bxc5 Rxc5 18. Qb2 e5 19. Nb5 Qb8 20. e3 h5 21. Qe2 a6 22. Na3 d4 23. Nc2 Bxg2 24. Kxg2 Ne4 25. Qf1 h4 26. f3 Nc3 27. Rd2 hxg3 28. hxg3 Re6 29. Qf2 Rf6 30. exd4 Ne4 31. Qe3 Nxd2 32. dxc5 Nxf3 33. cxb6 Qb7 {0-1 (33) Meier,G (2648)-Naiditsch,A (2701) Karlsruhe/Baden-Baden 2018}) 12. Bf4 {[%emt 0:09:41]} Rd8 {[%emt 0:01:58]} 13. Rac1 {[%emt 0:12:31]} Ba3 {[%emt 0:04:10]} 14. Rb1 {[%emt 0:01:26]} Bb4 $146 {[%emt 0:07:56]} (14... Bf8 15. e4 dxe4 16. Ng5 c5 17. d5 e5 18. Bc1 h6 19. Ngxe4 Nxe4 20. Bxe4 Nf6 21. Bg2 Qg4 22. Re1 Qh5 23. Bb2 Bc8 24. Qe2 Bf5 25. Qxh5 Nxh5 26. Rbd1 Bd6 27. Nb5 f6 28. Nxd6 Rxd6 29. f4 Bg4 30. fxe5 fxe5 31. Bxe5 Rd7 32. Rd3 Nf6 33. Rde3 Nh7 34. h3 Bh5 35. Be4 Ng5 36. Bf5 Rf7 37. g4 Rxf5 38. gxf5 Nf3+ 39. Rxf3 Bxf3 40. Kf2 Bh5 41. Rg1 g6 42. fxg6 Rf8+ 43. Ke3 Rf3+ 44. Ke4 {Kreisl,R (2432)-Van Hoolandt,P (2236) Tromsoe 2014 1-0}) 15. Qb2 {[%emt 0:06:21]} dxc4 {[%emt 0:07:09]} 16. bxc4 {[%emt 0:01:43]} Bxc3 {[%emt 0:00:04]} 17. Qxc3 {[%emt 0:00:15]} c5 {[%emt 0:00:02]} (17... Ne4) 18. dxc5 {[%emt 0:07:06]} 1/2-1/2

[Event "FRA-chT Top 12"]
[Site "Brest"]
[Date "2018.05.28"]
[Round "3"]
[White "Zhigalko, Sergei"]
[Black "Bailet, Pierre"]
[Result "1/2-1/2"]
[WhiteElo "2606"]
[BlackElo "2501"]
[Annotator "ChessBase II"]
[PlyCount "43"]
[EventDate "2018.05.26"]
[EventType "team-tourn"]
[EventRounds "11"]
[EventCountry "FRA"]
[SourceTitle "EXT 2019"]
[Source "ChessBase"]
[SourceDate "2018.10.10"]
[SourceVersion "1"]
[SourceVersionDate "2018.10.10"]
[SourceQuality "1"]
[WhiteTeam "Bois Colombes"]
[BlackTeam "Vandoeuvre"]
[WhiteTeamCountry "FRA"]
[BlackTeamCountry "FRA"]
[TimeControl "40/5400+30:1800+30"]

1. e4 {[%emt 0:00:00]} c5 {[%emt 0:00:36]} 2. Nf3 {[%emt 0:00:00]} Nc6 {[%emt 0:00:13]} 3. Nc3 {[%emt 0:01:22]} g6 {[%emt 0:02:04]} 4. Bb5 {[%emt 0:03:43]} Bg7 {[%emt 0:01:32]} 5. O-O {[%emt 0:00:14]} e5 {[%emt 0:00:55]} 6. a3 {[%emt 0:25:34]} (6. d3 Nge7 7. Bc4 O-O 8. a3 d6 9. h3 h6 10. b4 Kh7 11. bxc5 dxc5 12. Rb1 b6 13. Nd5 Be6 14. Nxe7 Qxe7 15. Bd5 Qd6 16. c4 Rab8 17. Bb2 Bd7 18. Bc3 Ne7 19. Qd2 g5 20. Rfe1 Ng6 21. Nh2 Nf4 22. Re3 h5 23. Qd1 Qg6 24. Rg3 f6 25. Bd2 Bh6 26. a4 Qe8 27. Ra1 a5 28. Nf1 Rd8 29. Ra3 Bc8 30. Ne3 Rd6 31. Rf3 Bd7 32. g4 Rh8 33. Rg3 Bf8 34. Nf5 Bxf5 35. gxf5 h4 {Le,Q (2737)-Dubov,D (2694) Caleta 2018 1-0}) 6... Nge7 {[%emt 0:05:19]} 7. b4 {[%emt 0:02:35]} d6 {[%emt 0:04:50]} 8. Bc4 {[%emt 0:01:14]} O-O {[%emt 0:04:26]} 9. Rb1 {[%emt 0:00:53]} Nd4 $146 {[%emt 0:08:56]} (9... Rb8 10. Nd5 b5 11. Ba2 {1-0 (11) Rasik,V (2469)-Voloshin,L (2494) Czechia 2005}) 10. bxc5 {[%emt 0:01:10]} dxc5 {[%emt 0:00:23]} 11. Nxd4 {[%emt 0:17:30]} cxd4 {[%emt 0:02:17]} 12. Ne2 {[%emt 0:08:10]} Qc7 {[%emt 0:14:54]} 13. d3 {[%emt 0:00:24]} b6 {[%emt 0:02:43]} 14. Bd2 {[%emt 0:02:52]} Bb7 {[%emt 0:07:36]} 15. Bb4 {[%emt 0:02:13]} Rae8 {[%emt 0:04:35]} (15... Rfe8) 16. c3 {[%emt 0:13:07]} Bxe4 {[%emt 0:07:14]} 17. dxe4 {[%emt 0:02:06]} Qxc4 {[%emt 0:00:09]} 18. cxd4 {[%emt 0:00:03]} exd4 {[%emt 0:01:46]} 19. Rc1 {[%emt 0:06:03]} Qe6 {[%emt 0:01:26]} 20. Nxd4 {[%emt 0:00:20]} Bxd4 {[%emt 0:02:20]} 21. Qxd4 {[%emt 0:01:23]} Nc6 {[%emt 0:00:07]} 22. Rxc6 {[%emt 0:02:43]} 1/2-1/2